| 000 | 00538nam a2200181Ia 4500 | ||
|---|---|---|---|
| 008 | 240925s9999 xx 000 0 und d | ||
| 020 | _a9780070702080 | ||
| 082 | _a005.8 FOR | ||
| 100 | _aForouzan, Behrouz A. | ||
| 245 | 0 | _aCryptography and Network Security | |
| 250 | _a2nd | ||
| 260 |
_aNew Delhi: _bMcGraw Hill Education (India) Private Limited _cNA |
||
| 300 |
_aVarious pages _bNA _fOriginal |
||
| 500 | _aIncludes Index | ||
| 600 | _aComputer Science | ||
| 650 | _aComputer science, information & general works | ||
| 942 | _cBK | ||
| 999 |
_c12759 _d12759 |
||